Name that Church Father! - Statistics

General Stats
  • This quiz has been taken 59 times
  • The average score is 7 of 12
Answer Stats
Description Church Father % Correct
This author of The City of God and The Confessions could perhaps be one of the most influential theologians of all time. St. Augustine of Hippo
92%
This bishop of Antioch was martyred en route to Rome. He was most likely a disciple of John the Apostle. St. Ignatius of Antioch
78%
This other Apostolic Father was the fourth Pope. He was likely ordained by St. Peter. St. Clement I
72%
This 4th century Alexandrian bishop is known for combating Arianism. St. Athanasius
70%
Starting as a monk, this "Great" Pope's work, such as his Dialogues, influenced much of the early medieval church. St. Gregory the Great
66%
He was the first Latin Church Father and first to use the word trinitas. Tertullian
56%
Very influential, yet at times heretical Church Father. I mean he believed the sun and moon had rational souls... Origen
54%
A great orator, his epithet literally means "golden-mouthed". St. John Chrysostom
52%
This pagan-philosopher-turned-Christian is known his First Apology and Second Apology. St. Justin Martyr
48%
Like the above is an Apostolic Father. He wrote an epistle to the Philippians. St. Polycarp
48%
He was baptized, received his sacraments of initiation, was ordained, and was consecrated Bishop in a week. St. Ambrose
32%
He is often considered "the last scholar of the ancient world"; hence is among the last Church Fathers. St. Isidore of Seville
10%
No matching quizzes found
Score Distribution
Percent of People with Each Score
Percentile by Number Answered
Your Score History
You have not taken this quiz